Drei Vorträge über Volkspädagogik, gehalten in Stuttgart am 11. Mai, 18. Mai und 1. Juni 1919 ... (Record no. 37595)

MARC details
000 -LEADER
fixed length control field 00572cam a22001697 4500
001 - CONTROL NUMBER
control field ltf91049451
003 - CONTROL NUMBER IDENTIFIER
control field DLC
005 - DATE AND TIME OF LATEST TRANSACTION
control field 20260227111553.0
008 - FIXED-LENGTH DATA ELEMENTS--GENERAL INFORMATION
fixed length control field 910501s1919 gw 000 0 ger
010 ## - LIBRARY OF CONGRESS CONTROL NUMBER
LC control number ltf91049451
040 ## - CATALOGING SOURCE
Original cataloging agency DLC
Transcribing agency DLC
Modifying agency DLC
050 00 - LIBRARY OF CONGRESS CALL NUMBER
Classification number 4LB 894
100 1# - MAIN ENTRY--PERSONAL NAME
Personal name Steiner, Rudolf,
Dates associated with a name 1861-1925.
245 10 - TITLE STATEMENT
Title Drei Vorträge über Volkspädagogik, gehalten in Stuttgart am 11. Mai, 18. Mai und 1. Juni 1919 ...
Statement of responsibility, etc. Hrsg. vom Bund für Dreigliederung des sozialen Organismus, Stuttgart.
260 ## - PUBLICATION, DISTRIBUTION, ETC.
Place of publication, distribution, etc. Stuttgart,
Name of publisher, distributor, etc. Greiner & Pfeiffer
Date of publication, distribution, etc. [1919]
300 ## - PHYSICAL DESCRIPTION
Extent 47 p.

No items available.

Powered by Koha